Super heros Quiz Stats

 Plays Quiz not verified by Sporcle

Support Sporcle.
Go Orange.
Score 0/10 Timer 10:00
0 Plays Today
real name hero % Correct
Peter ParkerSpiderman
99.2%
Bruce WayneBatman
98.4%
Clark KentSuperman
96%
Thor OdinsonThor
93.5%
Steven 'Steve' RogersCaptain America
91.9%
Timothy DrakeRobin
82.3%
David BannermanThe Hulk
75.8%
Jennifer WaltersShe Hulk
55.6%
Dave LizewskiKick Ass
25.8%
Bitt ReidGreen Hornet
22.6%

You're not logged in!

Compare scores with friends on all Sporcle quizzes.
OR
Log In

From the Vault

People's Sexiest Men

by Ben

I have finally recovered from the shock of not winning this award myself, I can now move past my grief and ask if you can name People's Sexiest Men alive?
Remove Ads.
Support Sporcle.
Get the best of Sporcle when you Go Orange. This ad-free experience offers more features, more stats, and more fun while also helping to support Sporcle. Thank you for becoming a member.

Show Comments

Extras

Created Mar 4, 2012ReportNominate
Tags:Hero

Top Quizzes Today


Score Distribution

Your Account Isn't Verified!

In order to create a playlist on Sporcle, you need to verify the email address you used during registration. Go to your Sporcle Settings to finish the process.

Report this User

Report this user for behavior that violates our Community Guidelines.

Details: